Imagenes de Satélite de Ciudades - Estadísticas

Estadísticas generales
  • Esta prueba ha sido intentada 149 veces
  • La puntuación promedio es 9 de 15
Estadísticas de respuestas
Imagen Respuesta % Correcto
Dubai
96%
Nueva York
85%
Estambul
82%
Paris
82%
Madrid
72%
Ámsterdam
60%
Barcelona
60%
Tokio
60%
Buenos Aires
59%
Beijing
48%
Los Angeles
46%
San Francisco
43%
Sídney
39%
Ciudad del Cabo
35%
Santiago
29%
No se encontraron pruebas coincidentes
Distribución de puntuación
Porcentaje de gente con cada puntuación
Porcentaje por número respondido
Historial de tus puntuaciones
No has intentado esta prueba.